Arsenal Football Club - Statistics

General Stats
  • This quiz has been taken 2,856 times
  • The average score is 7 of 15
Answer Stats
Hint Answer % Correct
What is Arsenal's nickname? The Gunners
90%
Who is Arsenal's all time leading goalscorer? Thierry Henry
85%
In what year did Arsenal move to the Emirates Stadium? 2006
80%
What year did Arsene Wenger arrive at Arsenal? 1996
79%
What year was Arsenal formed? 1886
76%
How many games did the 'Arsenal Invincibles' go before being defeated? 49
74%
Whom did Arsenal beat to win the title in '89? Liverpool
65%
Who was appointed as Arsenal's first proper manager in 1925? Herbert Chapman
34%
In what year did Arsenal become professional? 1891
33%
What year was Arsenal's first appearance in an FA Cup Final? 1927
27%
Who's record did Ian Wright break when scoring against Bolton in 1997? Cliff Bastin
22%
Who did Arsenal beat to win their first European Cup Winners Cup? Parma
20%
What was the first true name for the club? Royal Arsenal
17%
Who was Arsenal's first opponent at Highbury? Leicester Forsse
6%
Who was Arsenal's first ever 'oversea' signing? Gerry Keyser
1%
No matching quizzes found
Score Distribution
Percent of People with Each Score
Percentile by Number Answered
Your Score History
You have not taken this quiz